Medzinárodná štandardizácia ohodnocovania majetku a jej princípy

Súčasný stav, znenie a štruktúra medzinárodných ohodnocovacích štandardov, so zameraním na stanovenie hodnoty majetku a štruktúru znaleckého posudku. História a proces tvorby Medzinárodných ohodnocovacích štandardov. Nové znenie Medzinárodných štandardov pre ohodnocovanie (International Valuation St...

Descripción completa

Guardado en:
Detalles Bibliográficos
Autor principal: Kubica, Milan, 1958-
Otros Autores: Švejdová, Nikola
Formato: Capítulo de libro
Lenguaje:eslovaco
Materias:
Etiquetas: Agregar Etiqueta
Sin Etiquetas, Sea el primero en etiquetar este registro!

MARC

LEADER 00000naa$a2200000$$$4500
001 0272913
005 20240502074313.8
041 0 |a slo 
044 |a SK 
245 1 0 |a Medzinárodná štandardizácia ohodnocovania majetku a jej princípy  |c Milan Kubica, Nikola Švejdová 
520 |a Súčasný stav, znenie a štruktúra medzinárodných ohodnocovacích štandardov, so zameraním na stanovenie hodnoty majetku a štruktúru znaleckého posudku. História a proces tvorby Medzinárodných ohodnocovacích štandardov. Nové znenie Medzinárodných štandardov pre ohodnocovanie (International Valuation Standards − IVS), platné od 31. 1. 2020. Stanovený obsah znaleckého posudku. Červená kniha – Globálne štandardy a najzásadnejšie zmeny v aktuálnom vydaní. 
610 2 0 |a štandardy ohodnocovacie medzinárodné 
610 2 0 |a ohodnocovanie 
610 2 0 |a posudky znalecké 
610 2 0 |a štandardizácia 
610 2 0 |a hodnota majetku 
610 2 0 |a hodnota nehnuteľností 
610 2 0 |a Slovensko 
610 2 0 |a Európska únia 
100 1 |a Kubica, Milan, 1958- 
700 1 |a Švejdová, Nikola